The Prentice Hall guide for college writers / (Record no. 3083)

MARC details
000 -LEADER
fixed length control field 00707cam a2200205 4500
001 - CONTROL NUMBER
control field 3769
005 - DATE AND TIME OF LATEST TRANSACTION
control field 20181127171935.0
008 - FIXED-LENGTH DATA ELEMENTS--GENERAL INFORMATION
fixed length control field 091221s2011 maua bf 001 0 eng
010 ## - LIBRARY OF CONGRESS CONTROL NUMBER
LC control number 2009052999
020 ## - INTERNATIONAL STANDARD BOOK NUMBER
International Standard Book Number 0131501607
International Standard Book Number 020575208X (Student ed.)
100 1# - MAIN ENTRY--PERSONAL NAME
Personal name Reid, Stephen,
Dates associated with a name 1940-
245 14 - TITLE STATEMENT
Title The Prentice Hall guide for college writers /
Statement of responsibility, etc. Stephen Reid.
260 ## - PUBLICATION, DISTRIBUTION, ETC.
Place of publication, distribution, etc. Upper Saddle River, NJ :
Name of publisher, distributor, etc. Prentice Hall,
Date of publication, distribution, etc. 1989.
300 ## - PHYSICAL DESCRIPTION
Extent xxii, 549 p. :
Other physical details ill. (some col.) ;
Dimensions 24 cm.
504 ## - BIBLIOGRAPHY, ETC. NOTE
Bibliography, etc. note Includes bibliographical references and index.
650 #0 - SUBJECT ADDED ENTRY--TOPICAL TERM
Topical term or geographic name entry element College readers.
Topical term or geographic name entry element English language
General subdivision Rhetoric
Form subdivision Handbooks, manuals, etc.
Topical term or geographic name entry element Report writing
Form subdivision Handbooks, manuals, etc.
Holdings
Withdrawn status Lost status Source of classification or shelving scheme Damaged status Not for loan Collection code Home library Current library Shelving location Date acquired Serial Enumeration / chronology Inventory number Total Checkouts Full call number Barcode Date last seen Date last checked out Price effective from Koha item type
    Dewey Decimal Classification     Main TEST RTC Library RTC Library Main opac 20/09/2024 6401 1 808.04 REI 30006185 16/10/2024 20/09/2024 27/11/2018 Main
Royal Thimphu College || All Right Reserved